Upsala journal of medical sciences

Bibliographic Details
Previous Title:Acta Societas Medicorum Upsaliensis
Corporate Author: Upsala Medical Society
Format: Electronic Journal
Language:English
Published: Upsala : Upsala Medical Society
London, England : Informa Healthcare
Subjects:
Online Access:Full text available from Research Library: 03/01/2011 to present

MARC

LEADER 00000nas a2200000 a 4500
001 ssj0006073
003 WaSeSS
005 20200512172242.0
006 m d
007 cr n
008 030128c19729999enkqr pss 0 a0eng c
010 |a  2009247690 
015 |a GBB349475  |2 bnb 
016 7 |a 0332203  |2 DNLM 
016 7 |a U04280000  |2 DNLM 
016 7 |a 013363802  |2 Uk 
022 |a 2000-1967  |y 0300-9734 
030 |a UJMSAP 
035 |a (WaSeSS)ssj0006073 
040 |a HUA  |b eng  |c HUA  |d OCLCQ  |d SBH  |d EEM  |d TXJ  |d BUF  |d UX0  |d OCLCQ  |d DLC  |d OCLCQ  |d COO  |d VT2  |d U3G  |d LND  |d OCLCF  |d OCLCO  |d OCLCQ  |d OCLCO  |d NLE  |d U3W  |d AU@  |d OCLCO  |d WYU  |d UKMGB  |d AUD  |d LVT  |d OCLCO  |d WaSeSS 
042 |a pcc  |a nsdp 
050 1 4 |a R81  |b .U67 
060 0 0 |a W1  |b UP67K 
082 1 0 |a 610  |2 15 
082 0 4 |a 610  |b U69 E1 
130 0 |a Upsala journal of medical sciences (Online) 
210 0 |a Upsala j. med. sci.  |b (Online) 
222 0 |a Upsala journal of medical sciences  |b (Online) 
245 1 0 |a Upsala journal of medical sciences  |h [electronic resource]. 
260 |a Upsala :  |b Upsala Medical Society 
260 3 |3 <2012-> :  |a London, England :  |b Informa Healthcare 
310 |a Four issues yearly,  |b 2009- 
321 |a 3 issues yearly,  |b -2008 
362 1 |a Print began with v. 77, no. 1 (1972). 
506 |a License restrictions may limit access. 
538 |a Mode of access: World Wide Web. 
588 |a Description based on print version record. 
588 |a Latest issue consulted: Vol. 114, no. 2 (2009) (informaworld, viewed May 7, 2009). 
650 0 |a Medicine  |v Periodicals. 
650 7 |a Medicine.  |2 fast  |0 (OCoLC)fst01014893 
650 1 2 |a Medicine  |v Periodicals. 
655 0 |a Electronic journals. 
710 2 |a Upsala Medical Society. 
770 0 |t Upsala journal of medical sciences. Supplement 
776 0 8 |i Print version:  |t Upsala journal of medical sciences  |x 0300-9734  |w (DLC)sn 80013316  |w (OCoLC)1777665 
780 0 0 |t Acta Societas Medicorum Upsaliensis 
856 4 0 |z Full text available from Research Library: 03/01/2011 to present  |u https://search.proquest.com/publication/3933321